EÚ a kandidáti spoločne hodnotili pokrok Slovenská republika uzatvorila 17 kapitol, najťažšie ...

Bibliographic Details
Format: Article
Language:Slovak
PhysicalDescription:Fotogr., tab.
Subjects:

MARC

LEADER 00000nab a2200000 a 4500
001 vtls000762054
003 SK-MaSNL
005 20260426082515.0
008 180206c2001 xo 0 slo
015 |a SNBRB2001/06-20133 
035 |a CLN000113841 
040 |a SNKBUCL  |b slo  |c SNKBUCL  |e AACR2 
041 0 |a slo 
044 |a xo  |c SK 
080 |a 327(437.6):327.39(4)  |2 UDC-MRF-SK2 
080 |a 327.39(4)  |2 UDC-MRF-SK2 
245 0 0 |a EÚ a kandidáti spoločne hodnotili pokrok  |b Slovenská republika uzatvorila 17 kapitol, najťažšie ... 
300 |b Fotogr., tab. 
610 2 7 |a Európska únia  |2 SNKKA  |9 29861 
650 0 7 |a európska integrácia  |2 SNKPH  |9 2140 
651 7 |a Slovensko  |2 SNKPHgeo  |9 14231 
655 7 |a články z novín a časopisov  |2 snkbucl  |9 267496 
773 0 |t Národná obroda  |g Roč. 12, č. 135 (13.6.2001), s. 6 
850 |a Slovenská národná knižnica v Martine 
852 |a SNK  |b KIS3GCP 
958 |a RBX 
999 |c 2877260  |d 2879190